Diary of a wimpy kid : dog days /

When school ends for the summer, Greg's vacation doesn't go as he had planned.

Bibliographic Details
Main Author: Shearmur, Edward (Composer)
Other Authors: Forbes, Maya (Screenwriter), Wolodarsky, Wallace (Screenwriter), Gordon, Zachary, 1998- (Actor), Bostick, Devon, 1991- (Actor), Harris, Rachael, 1968- (Actor), Capron, Robert, 1998- (Actor), Zahn, Steve, 1968- (Actor), Kinney, Jeff
Format: Video Blu-ray Disc DVD
Language:English
French
Spanish
Language Notes:In English, dubbed French, or dubbed Spanish, with optional Spanish subtitles; English subtitles for the deaf and hard of hearing; English descriptive audio for the visually impaired.
Published: Beverly Hills, California : Twentieth Century Fox Home Entertainment, [2012]
Subjects:

MARC

Tag First Indicator Second Indicator Subfields
LEADER 00000cgm a2200000Ia 4500
001 in00002785739
005 20230502195454.5
007 vd csaizq
007 vd cvaizk
008 121023s2012 cau094 g vleng d
019 |a 989914205  |a 1030943552  |a 1043451481 
024 1 |a 024543800163 
024 1 0 |a 024543276784  |d 01 
024 7 |a 00024543800163  |2 gtin-14 
028 4 2 |a 2280016  |b Twentieth Century Fox Home Entertainment 
035 |a (OCoLC)ocn824701766 
035 |a (OCoLC)824701766  |z (OCoLC)989914205  |z (OCoLC)1030943552  |z (OCoLC)1043451481 
037 |b Midwest Tape  |n http://www.midwesttapes.com 
040 |a BPLCP  |b eng  |c BPLCP  |d OCLCO  |d CWJ  |d OCLCO  |d CWJ  |d OCLCF  |d OCLCA  |d OCL  |d OCLCQ  |d OCLCO  |d OCLCA  |d OCLCO  |d ZGR  |d OCLCO  |d OCL  |d EYB  |d CNEDM  |d C@V  |d GK8 
041 1 |a eng  |a fre  |a spa  |j eng  |j spa  |h eng 
090 |a PN1997.2  |b .D533 2012 
245 0 0 |a Diary of a wimpy kid :  |b dog days /  |c Fox 2000 Pictures presents a Color Force production ; directed by David Bowers ; screenplay by Maya Forbes & Wallace Wolodarsky ; produced by Nina Jacobson, Brad Simpson ; made in association with Dune Entertainment. 
246 3 0 |a Dog days 
257 |a United States  |a Canada. 
264 1 |a Beverly Hills, California :  |b Twentieth Century Fox Home Entertainment,  |c [2012] 
300 |a 2 videodiscs (94 min.) :  |b sound, color ;  |c 4 3/4 in. 
336 |a two-dimensional moving image  |b tdi  |2 rdacontent 
337 |a video  |b v  |2 rdamedia 
338 |a videodisc  |b vd  |2 rdacarrier 
538 |a Blu-ray disc, region A, 1080p High Definition, dual layer, widescreen; DTS-HD Master Audio 5.1, Dolby Digital 5.1; requires Blu-ray disc player. 
538 |a DVD, region 1, NTSC, dual layer, widescreen; Dolby digital 5.1, Dolby digital 2.0. 
546 |a In English, dubbed French, or dubbed Spanish, with optional Spanish subtitles; English subtitles for the deaf and hard of hearing; English descriptive audio for the visually impaired. 
511 1 |a Zachary Gordon, Devon Bostick, Rachael Harris, Robert Capron, Steve Zahn. 
508 |a Director of photography, Anthony B. Richmond ; editor, Troy Takaki ; music, Edward Shearmur. 
500 |a Originally released as a motion picture in 2012. 
500 |a Based on the books by Jeff Kinney. 
500 |a Widescreen 2.35:1. 
500 |a DVD contains a standard definition version of the film. 
521 8 |a MPAA rating: PG; for some rude humor. 
520 |a When school ends for the summer, Greg's vacation doesn't go as he had planned. 
500 |a Blu-ray features: Class clown animated comic ; gag reel ; commentary by director David Bowers, FX Movie Channel presents Wimpy empire. 
505 0 |a [Disc 1]. Blu-ray -- [disc 2]. DVD + digital copy. 
650 0 |a Middle school students  |v Drama. 
650 0 |a Summer  |v Drama. 
650 0 |a Vacations  |v Drama. 
600 1 7 |a Kinney, Jeff.  |2 fast  |0 (OCoLC)fst01785529 
650 7 |a Vacations.  |2 fast  |0 (OCoLC)fst01163528 
650 7 |a Middle school students.  |2 fast  |0 (OCoLC)fst01020531 
650 7 |a Summer.  |2 fast  |0 (OCoLC)fst01138503 
650 1 |a Dogs  |v Drama. 
650 1 |a Camping  |v Drama. 
650 1 |a Fathers and sons  |v Drama. 
650 6 |a Journaux intimes  |0 (CaQQLa)201-0079219  |v Films pour la jeunesse.  |0 (CaQQLa)201-0377032 
650 6 |a Chiens  |0 (CaQQLa)201-0034680  |v Films pour la jeunesse.  |0 (CaQQLa)201-0377032 
650 6 |a Camping  |0 (CaQQLa)201-0005720  |v Films pour la jeunesse.  |0 (CaQQLa)201-0377032 
650 6 |a Pères et fils  |0 (CaQQLa)201-0058273  |v Films pour la jeunesse.  |0 (CaQQLa)201-0377032 
655 7 |a Comedy films.  |2 fast  |0 (OCoLC)fst01710291 
655 7 |a Drama.  |2 fast  |0 (OCoLC)fst01423879 
655 7 |a Feature films.  |2 fast  |0 (OCoLC)fst01710384 
655 7 |a Fiction films.  |2 fast  |0 (OCoLC)fst01710264 
655 7 |a Film adaptations.  |2 fast  |0 (OCoLC)fst01710491 
655 7 |a Video recordings for the hearing impaired.  |2 fast  |0 (OCoLC)fst01710450 
655 7 |a Comedy films.  |2 lcgft 
655 7 |a Children's films.  |2 lcgft 
655 7 |a Film adaptations.  |2 lcgft 
655 7 |a Feature films.  |2 lcgft 
655 7 |a Fiction films.  |2 lcgft 
655 7 |a Video recordings for the hearing impaired.  |2 lcgft 
700 1 |a Bowers, David,  |e film director. 
700 1 |a Jacobson, Nina,  |e film producer. 
700 1 |a Simpson, Brad,  |d 1973-  |e film producer. 
700 1 |a Forbes, Maya,  |e screenwriter. 
700 1 |a Wolodarsky, Wallace,  |e screenwriter. 
700 1 |a Gordon, Zachary,  |d 1998-  |e actor. 
700 1 |a Bostick, Devon,  |d 1991-  |e actor. 
700 1 |a Harris, Rachael,  |d 1968-  |e actor. 
700 1 |a Capron, Robert,  |d 1998-  |e actor. 
700 1 |a Zahn, Steve,  |d 1968-  |e actor. 
700 1 |a Shearmur, Edward,  |e composer. 
700 1 |i Motion picture adaptation of (work):  |a Kinney, Jeff.  |t Dog days. 
710 2 |a Fox 2000 Pictures,  |e presenter. 
710 2 |a Color Force (Firm),  |e production company. 
710 2 |a Dune Entertainment,  |e production company. 
710 2 |a Twentieth Century Fox Home Entertainment, Inc.,  |e publisher. 
730 0 2 |i Container of (work):  |a Diary of a wimpy kid, dog days (Motion picture) 
730 0 2 |i Contaner of (expression):  |a Diary of a wimpy kid, dog days (Motion picture).  |l French. 
730 0 2 |i Container of (expression):  |a Diary of a wimpy kid, dog days (Motion picture).  |l Spanish. 
730 0 2 |i Sequel to:  |a Diary of a wimpy kid, Rodrick rules (Motion picture) 
730 0 2 |i Sequel:  |a Diary of a wimpy kid: the long haul (Motion picture) 
948 |h NO HOLDINGS IN TXA - 27 OTHER HOLDINGS 
994 |a Z0  |b TXA 
999 f f |s 19ae8034-af7a-3bab-81c8-34914b3be640  |i 9bfae7a0-50ca-376e-956c-f818c6ab6c4b  |t 0 
952 f f |p bluray  |a Texas A&M University  |b College Station  |c Sterling C. Evans Library  |d Evans: Media and Reserves (Annex 1st floor)  |t 0  |e PN1997.2 .D533 2012  |h Library of Congress classification  |i video -- videodisc  |k Blu-ray  |m A14841655471 
952 f f |p dvd  |a Texas A&M University  |b College Station  |c Sterling C. Evans Library  |d Evans: Media and Reserves (Annex 1st floor)  |t 0  |e PN1997.2 .D533 2012  |h Library of Congress classification  |i video -- videodisc  |k DVD  |m A14851315102 
998 f f |a PN1997.2 .D533 2012  |s DVD  |t 0  |l Evans: Media and Reserves (Annex 1st floor)